Polscy skoczkowie na podium zawodów Pucharu Świata - Statystyki

Ogólne statystyki
  • Ten quiz został rozwiązany 615 razy
    227 od ostatniego zresetowania
  • Średni wynik to 10 z 14
Statystyki odpowiedzi
Miejsce Zawodnik Liczba podiów 1. miejsca 2. miejsca 3. miejsca % Poprawnych
2 Kamil Stoch 80 39 22 19
100%
1 Adam Małysz 92 39 27 26
99%
3 Dawid Kubacki 38 11 9 18
99%
4 Piotr Żyła 23 2 7 14
99%
7 Maciej Kot 3 2 1
92%
14 Paweł Wąsek 1 1
83%
9 Aleksander Zniszczoł 2 2
81%
8 Jan Ziobro 2 1 1
75%
10 Krzysztof Biegun 1 1
71%
11 Andrzej Stękała 1 1
65%
5 Piotr Fijas 10 3 1 6
64%
13 Tadeusz Fijas 1 1
64%
6 Stanisław Bobak 4 1 2 1
45%
12 Janusz Malik 1 1
10%
Nie znaleziono quizów pasujących do podanych kryteriów
Rozkład punktacji
Procent ludzi z każdym wynikiem
Percentyl według liczby udzielonych odpowiedzi
Twoja historia wyników
Nie rozwiązałeś tego quizu od ostatniego zresetowania